Superestructura de un puente para carretera, de vigas de acero con acción compuesta
Tallennettuna:
| Päätekijä: | |
|---|---|
| Aineistotyyppi: | Tuntematon |
| Julkaistu: |
[San José, Costa Rica]
1960
|
| Aiheet: | |
| Tagit: |
Lisää tagi
Ei tageja, Lisää ensimmäinen tagi!
|
MARC
| LEADER | 00000 a2200000 4500 | ||
|---|---|---|---|
| 003 | 011107 | ||
| 005 | 20240820090608.0 | ||
| 008 | 140114s1960 c a m 000 ||s d | ||
| 040 | |c cru CEDI | ||
| 090 | |a TFG 139 | ||
| 100 | |a León-Páez Coronado, José María, 1922-2009 |9 3541 | ||
| 245 | |a Superestructura de un puente para carretera, de vigas de acero con acción compuesta | ||
| 260 | |a [San José, Costa Rica] |c 1960 | ||
| 300 | |a 69 hojas, plano (plegables) ; 26 cm | ||
| 500 | |a Tesis (Ingeniero Civil) Universidad de Costa Rica. | ||
| 650 | |x PUENTES |9 17382 | ||
| 942 | |c TFG |h TFG 139 |i 011107 |6 TFG_139_011107000000000 | ||
| 999 | |c 12039 |d 12039 | ||
